Fr. Conceicao Rodrigues College of Engineering

Introduction to number theory (Record no. 26008)

MARC details
000 -LEADER
fixed length control field 00349nam a2200169Ia 4500
082 ## - DEWEY DECIMAL CLASSIFICATION NUMBER
Classification number 519
Item number EVE
100 ## - MAIN ENTRY--PERSONAL NAME
Personal name Everest/Graham
245 ## - TITLE STATEMENT
Title Introduction to number theory
260 ## - PUBLICATION, DISTRIBUTION, ETC.
Name of publisher, distributor, etc. Springer
Date of publication, distribution, etc. 1963
366 ## - TRADE AVAILABILITY INFORMATION
Publishers's discount category 20
300 ## - PHYSICAL DESCRIPTION
Extent 294
546 ## - LANGUAGE NOTE
Language note ENGLISH
650 ## - SUBJECT ADDED ENTRY--TOPICAL TERM
Topical term or geographic name entry element Number theory
654 ## - SUBJECT ADDED ENTRY--FACETED TOPICAL TERMS
Focus term number theory
942 ## - ADDED ENTRY ELEMENTS (KOHA)
Koha item type BOOK
Holdings
Withdrawn status Lost status Damaged status Not for loan Collection Home library Current library Date acquired Source of acquisition Cost, normal purchase price Inventory number Total Checkouts Full call number Barcode Date last seen Cost, replacement price Price effective from Koha item type
        CRC Fr. Agnel's C.Rodrigues College of Engineering Fr. Agnel's C.Rodrigues College of Engineering 17/03/2023 Ane Books India 476.00 5 dt 29/04/2009   519 EVE 19684 17/03/2023 595.00   BOOK